000 00954cab a2200289 4500
001 WB3330-22
008 090401t1997 xxu||||| |||| 00| 0 eng d
035 _a(Sirsi) u80032
041 _aeng
245 _aLottery changes threaten millennium bids
260 _c1997
350 _a0
490 _aNew Civil Engineer
_v24 July 1997, 7
490 _aPlanning (for the Natural and Built Environment)
_v(1228) 25 July 1997, 4(2)
520 _aA government White Paper may end dozens of millennium projects due to changes in lottery rules which may divert funds into a New Opportunities Fund.
650 _aCONSTRUCTION MARKET
650 _aFUNDING
650 _aLOTTERY FUNDING
650 _aMILLENNIUM COMMISSION
650 _aMILLENNIUM PROJECTS
650 _aNATIONAL LOTTERY
650 _aNEW OPPORTUNITIES FUND
650 _aWHITE PAPER
690 _aPROPERTY-PROPERTY FINANCE AND INVESTMENT
942 _n0
948 _c30/07/1997
999 _c50372
_d50372